| 000 | 00923nam a2200265 a 4500 | ||
|---|---|---|---|
| 001 | 56639 | ||
| 003 | BD-RjUL | ||
| 005 | 20211209080422.0 | ||
| 008 | 161203r19981996enk b 001 0 eng | ||
| 020 | _a1859722490 | ||
| 035 | _a(BD-RjUL)56763 | ||
| 040 |
_aDLC _cDLC _beng _dBD-RjUL |
||
| 041 | _aeng | ||
| 082 | 0 | 0 |
_a025.1 _223 _bGOM 1998 |
| 100 | 1 |
_aGoulding, Anne. _9168478 |
|
| 245 | 1 | 0 |
_aManaging change for library support staff / _cAnne Goulding. |
| 260 |
_aAldershot, England : _aBrookfield, Vt. : _bAvebury, _cc1996 [Reprinted 1998]. |
||
| 300 |
_avii, 157 p. ; _c23 cm. |
||
| 504 | _aIncludes index and bibliography. | ||
| 650 | 0 |
_aLibrary technicians _zGreat Britain. _9168479 |
|
| 650 | 0 |
_aLibrary personnel management _zGreat Britain. _9168340 |
|
| 650 | 0 |
_aPublic libraries _zGreat Britain _xPersonnel management. _9168480 |
|
| 650 | 0 |
_aPublic libraries _zGreat Britain _xEmployees. _9168481 |
|
| 942 |
_2ddc _cBK |
||
| 999 |
_c56639 _d56639 |
||